Normal view
MARC view
- Jeston, John , Nelis, Johan
Entry Personal Name
001 - CONTROL NUMBER
- control field: 64291
003 - CONTROL NUMBER IDENTIFIER
- control field: NUST
005 - DATE AND TIME OF LATEST TRANSACTION
- control field: 20210628203242.0
008 - FIXED-LENGTH DATA ELEMENTS
- fixed length control field: 210628|| aca||aabn | a|a d
040 ## - CATALOGING SOURCE
- Original cataloging agency: NUST
- Transcribing agency: NUST
100 ## - HEADING--PERSONAL NAME
- Personal name: Jeston, John , Nelis, Johan
670 ## - SOURCE DATA FOUND
- Source citation: Work cat.: (NUST): Jeston, John , Nelis, Johan, Management by process , a roadmap to sustainable business process management, 2008
